| 000 | 00817cab a22001935 4500 | ||
|---|---|---|---|
| 001 | L158474 | ||
| 008 | 150313e20150214xxk 000 0 eng d | ||
| 035 | _a(Sirsi) u158474 | ||
| 041 | 0 | _aeng | |
| 100 | 1 | _aWehner, Piers | |
| 245 | 0 | 0 | _aIn with the new |
| 490 |
_aEstates Gazette _v(1506) 14 February 2015, 64-66(3) |
||
| 520 | _aAdvises that office fit-out sustainability can be improved through better design, recycling and other practices. Includes tips on how to achieve carbon neutrality such as installing skylights which avoid the need for artificial lighting and using natural air circulation which minimises the need for mechanical systems thereby reducing energy demand. | ||
| 590 | _aKA | ||
| 651 | 4 | _aUnited Kingdom | |
| 690 |
_aSustainability _96271 |
||
| 690 |
_aRefurbishment _96264 |
||
| 942 | _n0 | ||
| 999 |
_c84605 _d84605 |
||